| 000 | 01139cam a2200277 4500 | ||
|---|---|---|---|
| 001 | ABS64616 | ||
| 008 | 011023n2001 000 0 eng u | ||
| 035 | _a(Sirsi) u115249 | ||
| 100 | _aMadine, V | ||
| 245 | _aWhat's IT worth? | ||
| 260 | _c2001 | ||
| 490 |
_aBuilding _v266(8205) 12 October 2001, 46-48(3) |
||
| 520 | _aTo meet clients' needs, construction firms are investing in intranets and extranets to manage their construction projects in a integrated and seamless way. Article looks at the experiences of Bovis Lend Lease, WS Atkins, Carillion and EC Harris in setting up effective web-based systems, and discusses the pros and cons of in house systems versus construction software packages. Summary of EC Harris' five-year IT plan. | ||
| 590 | _aABS | ||
| 650 | _aCONSTRUCTION FIRMS | ||
| 650 | _aSOFTWARE | ||
| 650 | _aCONSTRUCTION INDUSTRY | ||
| 650 | _aCONSTRUCTION PROJECTS | ||
| 650 | _aINTRANETS | ||
| 650 | _aEXTRANETS | ||
| 650 |
_aProject management _96261 |
||
| 650 | _aIT SYSTEMS | ||
| 650 | _aMANAGEMENT-BUSINESS MANAGEMENT-INFORMATION MANAGEMENT | ||
| 690 | _aBUILT ENVIRONMENT | ||
| 942 | _n0 | ||
| 999 |
_c68635 _d68635 |
||